|
|
|
|
| LEADER |
00000cam a2200000 7i4500 |
| 001 |
0000019170 |
| 005 |
20080718.0 |
| 008 |
080613 |
| 020 |
|
|
|a 9832298059
|
| 090 |
0 |
0 |
|a 297.27209595
|b ISL
|
| 245 |
1 |
0 |
|a Islam, politik dan kerajaan
|c penyunting Khairul 'Azmi Mohamad, Suzieta Basri
|
| 260 |
|
|
|a Johor Bahru :
|b Femina ,
|c 2003
|
| 650 |
|
0 |
|a Islam and politics
|z Malaysia
|
| 650 |
|
0 |
|a Islam and states
|z Malaysia
|
| 650 |
|
0 |
|a Islam
|z Malaysia
|
| 700 |
0 |
|
|a Khairul Azmi Mohamad
|
| 700 |
0 |
|
|a Suzieta Basri
|
| 999 |
|
|
|a 0001024913
|b Book
|c Adult Collection
|e Perbadanan Perpustakaan Awam Johor
|
| 999 |
|
|
|a 0001024915
|b Book
|c Adult Collection
|e Perbadanan Perpustakaan Awam Johor
|
| 999 |
|
|
|a 0001024916
|b Book
|c Adult Collection
|e Cawangan AEON Kulaijaya
|
| 999 |
|
|
|a 0001027968
|b Book
|c Adult Collection
|e Perbadanan Perpustakaan Awam Johor
|
| 999 |
|
|
|a 0001027969
|b Book
|c Adult Collection
|e Cawangan Tangkak
|
| 999 |
|
|
|a 0001027970
|b Book
|c Adult Collection
|e Cawangan Mersing
|
| 999 |
|
|
|a 0001027972
|b Book
|c Adult Collection
|e Cawangan Segamat
|
| 999 |
|
|
|a 0001227816
|b Book
|c Adult Collection
|e Perbadanan Perpustakaan Awam Johor
|
| 999 |
|
|
|a 0001249433
|b Book
|c Adult Collection
|e Cawangan Tangkak
|
| 999 |
|
|
|a 0001249439
|b Book
|c Adult Collection
|e Cawangan Sri Merlong
|
| 999 |
|
|
|a 0001249441
|b Book
|c Adult Collection
|e Cawangan Bandar Tenggara
|
| 999 |
|
|
|a 0001249444
|b Book
|c Adult Collection
|e Cawangan Bandar Penawar
|
| 999 |
|
|
|a 0001249446
|b Book
|c Adult Collection
|e Cawangan Bukit Gambir
|
| 999 |
|
|
|a 0001249448
|b Book
|c Adult Collection
|e Cawangan Tmn. Ungku Tun Aminah
|
| 999 |
|
|
|a 0001249452
|b Book
|c Adult Collection
|e Cawangan Tmn. Ungku Tun Aminah
|
| 999 |
|
|
|a 0001249453
|b Book
|c Adult Collection
|e Cawangan Bukit Gambir
|
| 999 |
|
|
|a 1249438
|b Book
|c Adult Collection
|e Cawangan Pontian
|
| 999 |
|
|
|a 1249451
|b Book
|c Adult Collection
|e Cawangan Pontian
|